Guess The Country (My Edition Part 5) - Statistics

General Stats
  • This quiz has been taken 11 times
  • The average score is 13 of 15
Answer Stats
Picture Answer % Correct
Albania
100%
Cyprus
100%
Kosovo
100%
Serbia
100%
Armenia
90%
Bosnia And Herzegovina
90%
Bulgaria
90%
Georgia
90%
Liechtenstein
90%
Montenegro
90%
Romania
90%
North Macedonia
80%
Vatican City
80%
Azerbaijan
70%
San Marino
70%
No matching quizzes found
Score Distribution
Percent of People with Each Score
Percentile by Number Answered
Your Score History
You have not taken this quiz